000 00742nam a2200217 a 4500
001 BRCA_5852
005 20190320205235.0
008 160311t1929----mx-######t---o000-0#spa-#
041 _aspa
044 _amx
050 4 _aJL1276
_b.I54
_c1929
245 1 0 _aInforme rendido por el Lic. Emilio Portes Gil: Presidente provisional de los Estados Unidos Mexicanos.
_cDiario Oficial de la Federación
260 _aMéxico
_bTalleres gráficos de la Nación.
_c1929
300 _a194 p.
_c22 cm.
500 _aH107
650 1 4 _aAdministración de justicia
_zMéxico
_914826
651 4 _aMéxico
_xPolítica y gobierno
_97019
710 2 _aDiario Oficial de la Federación
_bSecretaría de Gobernación.
_914827
902 _aGFM
942 _2lcc
_cB
999 _c5541
_d5541